<?xml version="1.0" encoding="UTF-8"?><marc:collection xmlns:marc="http://www.loc.gov/MARC21/slim">
  <marc:record>
    <marc:leader>00000nam  2200000za 4500</marc:leader>
    <marc:controlfield tag="001">9.579041</marc:controlfield>
    <marc:controlfield tag="003">CaOODSP</marc:controlfield>
    <marc:controlfield tag="005">20230131161133</marc:controlfield>
    <marc:controlfield tag="007">cr |||||||||||</marc:controlfield>
    <marc:controlfield tag="008">150406s2004||||xxcabo|fo    f000 0 eng d</marc:controlfield>
    <marc:datafield tag="020" ind1=" " ind2=" ">
      <marc:subfield code="q">(paper) </marc:subfield>
      <marc:subfield code="z">0-660-18804-X</marc:subfield>
    </marc:datafield>
    <marc:datafield tag="040" ind1=" " ind2=" ">
      <marc:subfield code="a">CaOODSP</marc:subfield>
      <marc:subfield code="b">eng</marc:subfield>
    </marc:datafield>
    <marc:datafield tag="043" ind1=" " ind2=" ">
      <marc:subfield code="a">n-cn-nu</marc:subfield>
    </marc:datafield>
    <marc:datafield tag="086" ind1="1" ind2=" ">
      <marc:subfield code="a">M42-574E-PDF</marc:subfield>
    </marc:datafield>
    <marc:datafield tag="245" ind1="0" ind2="0">
      <marc:subfield code="a">Geology of eastern Prince of Wales Island and adjacent smaller islands, Nunavut  </marc:subfield>
      <marc:subfield code="h">[electronic resource] : </marc:subfield>
      <marc:subfield code="b">parts of NTS 68D, Baring Channel and 68A, Fisher Lake / </marc:subfield>
      <marc:subfield code="c">U. Mayr, ... [et al.]. </marc:subfield>
    </marc:datafield>
    <marc:datafield tag="260" ind1=" " ind2=" ">
      <marc:subfield code="a">Ottawa  : </marc:subfield>
      <marc:subfield code="b">Natural Resources Canada : </marc:subfield>
      <marc:subfield code="b">Geological Survey of Canada,</marc:subfield>
      <marc:subfield code="c">2004.</marc:subfield>
    </marc:datafield>
    <marc:datafield tag="300" ind1=" " ind2=" ">
      <marc:subfield code="a">99 p. : </marc:subfield>
      <marc:subfield code="b">figs. (some coloured), graphs, maps (some coloured), photographs</marc:subfield>
    </marc:datafield>
    <marc:datafield tag="490" ind1="1" ind2=" ">
      <marc:subfield code="a">Bulletin / Geological Survey of Canada </marc:subfield>
      <marc:subfield code="v">574</marc:subfield>
    </marc:datafield>
    <marc:datafield tag="500" ind1=" " ind2=" ">
      <marc:subfield code="a">A-series map 2016A also catalogued separately (see Cat. number M48-2016AE-PDF).</marc:subfield>
    </marc:datafield>
    <marc:datafield tag="500" ind1=" " ind2=" ">
      <marc:subfield code="a">The catalogue number (M42-574E) and ISBN (0-660-18804-X) for the print edition have been copied in this electronic publication. </marc:subfield>
    </marc:datafield>
    <marc:datafield tag="504" ind1=" " ind2=" ">
      <marc:subfield code="a">Includes bibliographical references.</marc:subfield>
    </marc:datafield>
    <marc:datafield tag="546" ind1=" " ind2=" ">
      <marc:subfield code="a">(Résumé et Sommaire en français).</marc:subfield>
    </marc:datafield>
    <marc:datafield tag="590" ind1=" " ind2=" ">
      <marc:subfield code="a">14-05-Supp</marc:subfield>
      <marc:subfield code="b">2014-02-26</marc:subfield>
    </marc:datafield>
    <marc:datafield tag="690" ind1="0" ind2="7">
      <marc:subfield code="a">Geology</marc:subfield>
      <marc:subfield code="2">gcpds</marc:subfield>
    </marc:datafield>
    <marc:datafield tag="690" ind1="0" ind2="7">
      <marc:subfield code="a">Northern Canada</marc:subfield>
      <marc:subfield code="2">gcpds</marc:subfield>
    </marc:datafield>
    <marc:datafield tag="700" ind1="1" ind2=" ">
      <marc:subfield code="a">Mayr, U.</marc:subfield>
    </marc:datafield>
    <marc:datafield tag="710" ind1="2" ind2=" ">
      <marc:subfield code="a">Geological Survey of Canada.</marc:subfield>
    </marc:datafield>
    <marc:datafield tag="776" ind1="0" ind2="#">
      <marc:subfield code="t">Geology of eastern Prince of Wales Island and adjacent smaller islands, Nunavut / </marc:subfield>
      <marc:subfield code="w">(CaOODSP)9.617177</marc:subfield>
    </marc:datafield>
    <marc:datafield tag="830" ind1="#" ind2="0">
      <marc:subfield code="a">Bulletin (Geological Survey of Canada)</marc:subfield>
      <marc:subfield code="v">574</marc:subfield>
      <marc:subfield code="w">(CaOODSP)9.504778</marc:subfield>
    </marc:datafield>
    <marc:datafield tag="856" ind1="4" ind2="0">
      <marc:subfield code="a">http://publications.gc.ca</marc:subfield>
      <marc:subfield code="q">PDF</marc:subfield>
      <marc:subfield code="s">74 MB</marc:subfield>
      <marc:subfield code="u">https://publications.gc.ca/Collection-R/GSC-CGC/M42E/574/GSC_B574.pdf</marc:subfield>
      <marc:subfield code="y">574</marc:subfield>
    </marc:datafield>
  </marc:record>
</marc:collection>
